|
|
|
|
| LEADER |
01499nam a2200277 a 4500 |
| 001 |
16037258 |
| 008 |
101013s2010 enka b 001 0 eng d |
| 010 |
|
|
|a 2009054201
|
| 020 |
|
|
|a 9780521872201
|
| 020 |
|
|
|a 9780521693189 (pbk.)
|
| 040 |
|
|
|a DLC
|c DLC
|d DLC
|d BD-DhAAL
|
| 082 |
0 |
0 |
|a 551.5
|2 22
|
| 100 |
1 |
|
|a Andrews, David G.
|
| 245 |
1 |
3 |
|a An introduction to atmospheric physics /
|c David G. Andrews.
|
| 250 |
|
|
|a 2nd ed.
|
| 260 |
|
|
|a Cambridge ;
|a New York :
|b Cambridge University Press,
|c 2010.
|
| 300 |
|
|
|a x, 237 p. :
|b ill. ;
|c 25 cm.
|
| 541 |
|
|
|e 00021326
|
| 650 |
|
0 |
|a Atmospheric physics.
|
| 852 |
4 |
|
|a Ayesha Abed Library
|j General shelf
|
| 999 |
|
|
|c 9788
|d 9788
|
| 952 |
|
|
|0 0
|1 4
|2 ddc
|4 0
|6 551_500000000000000_AND
|7 0
|9 12470
|a BRACUL
|b BRACUL
|c GEN
|d 2010-10-13
|l 0
|o 551.5 AND
|p 3010021326
|r 2010-10-13
|t 1
|w 2010-10-13
|y BK
|x Koha Inventory 2020
|
| 952 |
|
|
|0 0
|1 0
|2 ddc
|4 0
|6 551_500000000000000_AND_2010
|7 0
|9 12472
|a BRACUL
|b BRACUL
|c GEN
|d 2010-10-13
|l 1
|m 5
|o 551.5 AND
|p 3010021327
|r 2017-06-13
|s 2017-05-08
|t 2
|w 2010-10-13
|y BK
|
| 952 |
|
|
|0 0
|1 0
|2 ddc
|4 0
|6 551_500000000000000_AND_2010
|7 0
|9 12473
|a BRACUL
|b BRACUL
|c GEN
|d 2010-10-13
|l 0
|o 551.5 AND
|p 3010021328
|r 2010-10-13
|t 3
|w 2010-10-13
|y BK
|
| 952 |
|
|
|0 0
|1 0
|2 ddc
|4 0
|6 551_500000000000000_AND_2010
|7 0
|9 12474
|a BRACUL
|b BRACUL
|c GEN
|d 2010-10-13
|l 0
|o 551.5 AND
|p 3010021329
|r 2010-10-13
|t 4
|w 2010-10-13
|y BK
|
| 952 |
|
|
|0 0
|1 0
|2 ddc
|4 0
|6 551_500000000000000_AND_2010
|7 0
|9 12475
|a BRACUL
|b BRACUL
|c GEN
|d 2010-10-13
|l 5
|m 75
|o 551.5 AND
|p 3010021330
|r 2024-05-30
|s 2024-04-16
|t 5
|w 2010-10-13
|y BK
|